Técnica de la alta tensión / (Record no. 7421)

000 -CABECERA
fixed length control field 01065nam a22002537a 4500
003 - IDENTIFICADOR DEL NÚMERO DE CONTROL
control field AR-CdUCM
008 - DATOS DE LONGITUD FIJA--INFORMACIÓN GENERAL
fixed length control field 190320b ||||| |||| 00| 0 spa d
020 ## - NÚMERO INTERNACIONAL ESTÁNDAR DEL LIBRO
ISBN 84-335-6255-X
040 ## - FUENTE DE LA CATALOGACIÓN
Agencia/entidad que catalogó originalmente la obra MUNICIPALIDAD PROVINCIAL DEL CUSCO
Entidad que transcribió la catalogación BIBLIOTECA MUNICIPAL DEL CUSCO
082 ## - NÚMERO DE LA CLASIFICACIÓN DECIMAL DEWEY
No. de Clasificación 621.3 /
Notacion interna B35
100 ## - ENTRADA PRINCIPAL--NOMBRE DE PERSONA
Nombre Personal Beeren, Hans von
245 ## - MENCIÓN DE TÍTULO
Título Técnica de la alta tensión /
260 ## - PUBLICACIÓN, DISTRIBUCIÓN, ETC.
Lugar de publicación, distribución, etc. Barcelona :
Nombre de la editorial, distribuidor, etc. Labor,
Fecha de publicación, distribución, etc. 1973.
300 ## - DESCRIPCIÓN FÍSICA
Nº de Páginas Extensión 294 páginas ;
Otros detalles físicos Ilustraciones,
Dimensiones 23.5 cm.
440 ## - MENCIÓN DE SERIE/PUNTO DE ACCESO ADICIONAL--TÍTULO
Título Escuela del técnico electricista.
Número de la parte/sección de una obra 12
9 (RLIN) 20929
505 ## - NOTA DE CONTENIDO CON FORMATO
Nota de contenido formateada Nociones fundamentales -- Cálculos de la capacidad y de la intensidad de campo en el caso de un aislante ideal compacto -- Cálculo de la capacidad y de la intensidad de campo para una substancia aislante ideal estratificada ...
650 ## - PUNTO DE ACCESO ADICIONAL DE MATERIA--TÉRMINO DE MATERIA
Descriptor Distribución de energía eléctrica
9 (RLIN) 20930
650 ## - PUNTO DE ACCESO ADICIONAL DE MATERIA--TÉRMINO DE MATERIA
Descriptor Alta tensión
9 (RLIN) 20931
700 ## - PUNTO DE ACCESO ADICIONAL--NOMBRE DE PERSONA
Nombre Personal Siegrist Spinedy, Emilio
9 (RLIN) 20932
942 ## - ELEMENTOS DE PUNTO DE ACCESO ADICIONAL (KOHA)
Fuente de clasificación
Tipo de item Libros-BMC
945 ## - PROCESAMIENTO DE INFORMACIÓN LOCAL (OCLC)
Catalogador acv
Holdings
Estado de retiro (separado) Fuente de clasificación o esquema de estanterías Estado dañado Ubicación Sala donde se ubica Nombre de la colección Fecha de adquisición o compra Costo, precio normal en soles Signatura topográfica Código de Barras Última vez visto (Koha) Tipo de ítem (Koha)
No     Sala Ciencias Sala Ciencias Book Cart 2019-03-20 20.00 621.3 / B35 SC0000000584 2019-03-20 Libros-BMC

Powered by Koha